|
|
|
|
| LEADER |
00000nab a2200000 a 4500 |
| 001 |
vtls000397762 |
| 003 |
SK-MaSNL |
| 005 |
20260426102025.0 |
| 008 |
230120c1990 xo 0 slo |
| 015 |
|
|
|a SNBRB19rr/mm-uuuuu
|
| 035 |
|
|
|a CL0397886
|
| 035 |
|
|
|a urn:nbn:sk:snk-ab9en
|
| 035 |
|
|
|a (urnnbn)urn:nbn:sk:snk:ar-a03pb8
|
| 035 |
|
|
|a (uuid)0c39c8a3-219d-42f8-8c23-8d681aed9676
|
| 040 |
|
|
|a SNKBUCL
|b slo
|c SNKBUCL
|e AACR2
|
| 041 |
0 |
|
|a slo
|
| 044 |
|
|
|a xo
|c SK
|
| 080 |
|
|
|a 101
|2 1981
|
| 100 |
1 |
|
|a Marcelli, Miroslav,
|d 1947-
|4 aut
|9 228613
|
| 245 |
1 |
0 |
|a Projekt vyučovania filozofie na Katedre filozofie a dejín filozofie FFUK v Bratislave
|c Miroslav Marcelli ; Ladislav Kiczko
|
| 610 |
2 |
7 |
|a Univerzita Komenského v Bratislave.
|b Filozofická fakulta
|2 SNKKA
|
| 650 |
0 |
7 |
|a filozofia
|2 snkbucl
|9 793
|
| 655 |
|
7 |
|a články z novín a časopisov
|2 snkbucl
|9 267496
|
| 700 |
1 |
|
|a Kiczko, Ladislav,
|d 1951-
|4 ill
|9 114805
|
| 773 |
0 |
|
|t Filozofia
|g Roč. 45, č. 3 (1990), s. 343-345
|
| 850 |
|
|
|a Slovenská národná knižnica v Martine
|a MTA001
|
| 852 |
|
|
|a SNK
|b KIS3GCP
|
| 954 |
|
|
|a odborná, vedecká literatúra pôvodná (slovenská)
|2 lita
|
| 958 |
|
|
|a OND
|
| 958 |
|
|
|a RK
|
| 958 |
|
|
|a EUIPO
|
| 958 |
|
|
|a article27
|
| 992 |
|
|
|a RBX
|
| 999 |
|
|
|c 3246821
|d 3248751
|